000 00270nam a2200097Ia 4500
005 20251222114348.0
008 251222s1900||||xx |||||||||||||| ||spa||
082 _aDVD0070/R64/2003
245 0 _aEl coronel no tiene quien le escriba:No One Writes to the Colonel
942 _cDVD
999 _c1121
_d1121